000 00349cam a22001217a 4500
008 180718b1971 xxu||||| |||| 00| 0 eng d
082 _aA6x5432 Sh24
100 _aShashi, S.S.
245 _aHimachal - nature's peaceful paradise
_cby S.S. Shashi
260 _aDelhi
_bIndian School Supply Depot.
_c1971
300 _a311p.
650 _aHimachal Pradesh
999 _c354307
_d354307